| 000 | 00384nam a22001337a 4500 | ||
|---|---|---|---|
| 020 | _a9788131718360 | ||
| 040 | _cNust | ||
| 082 |
_a629.892 _bCRA |
||
| 100 |
_ajohn J. Craig _9124585 |
||
| 245 |
_aIntroductions to Robotics _bMechanics and Control |
||
| 260 |
_aNew Delhi: _bPearson education services Inc, _c2009. |
||
| 650 |
_aIntroductions to Robotics _9124713 |
||
| 942 |
_2ddc _cBK |
||
| 999 |
_c610517 _d610517 |
||